| 000 | 01262nam a22003617a 4500 | ||
|---|---|---|---|
| 001 | 222 | ||
| 003 | FISKH | ||
| 005 | 20230307093513.0 | ||
| 008 | 230307b cb ||||| |||| 00| 0 eng d | ||
| 010 | _a 2022287931 | ||
| 020 |
_a9781561456864 _q(PB) |
||
| 020 |
_a9781561452897 _q(HC) |
||
| 040 |
_aDLC _beng _cDLC _erda _dDLC |
||
| 042 | _apcc | ||
| 050 | _aPN4784.C59 | ||
| 082 | _a070.92 | ||
| 100 | 1 |
_aButcher Nancy, _eauthor. |
|
| 245 | 1 | 0 |
_aIt can't be done, Nellie Bly! : _ba reporter's race around the world / _cby Nancy Butcher |
| 246 | 3 | _aIt can not be done, Nellie Bly! | |
| 250 | _aRevised edition. | ||
| 264 | 1 |
_aShenzhen _bPeachtree Publishers _c2013 |
|
| 300 |
_a84 p. _billustrations ; _c20 cm |
||
| 336 |
_atext _btxt _2rdacontent |
||
| 337 |
_aunmediated _bn _2rdamedia |
||
| 338 |
_avolume _bnc _2rdacarrier |
||
| 504 | _aIncludes bibliographical references (pages [86]-87). | ||
| 505 | _aM | ||
| 520 | _aIn 1888, a young, female reporter for New York World newspaper sets out to travel around the world in fewer than eighty days, while a Cosmopolitan magazine reporter tries to beat her to the goal. | ||
| 521 | 8 |
_a750
_bLexile |
|
| 521 | 8 |
_aM _bRaz-Plus |
|
| 906 |
_a0 _bibc _corigres _d1 _encip _f20 _gy-gencatlg |
||
| 942 |
_2ddc _cBK _n0 |
||
| 999 |
_c222 _d222 |
||